علم البيئة المائية / (رقم التسجيلة. 102627)

تفاصيل مارك
000 -LEADER
fixed length control field 009960am a2200253 004500
003 - CONTROL NUMBER IDENTIFIER
control field EG-GiCUC
008 - FIXED-LENGTH DATA ELEMENTS--GENERAL INFORMATION
fixed length control field 081009s1986 iq g 000 0 ara d
040 ## - CATALOGING SOURCE
Original cataloging agency EG-GiCUC
Language of cataloging ara
Transcribing agency EG-GiCUC
092 04 - LOCALLY ASSIGNED DEWEY CALL NUMBER (OCLC)
Classification number 577.6
Item number S125
Edition number 21
099 ## - LOCAL FREE-TEXT CALL NUMBER (OCLC)
Classification number 04
-- 577.6 S125
100 1# - MAIN ENTRY--PERSONAL NAME
Personal name السعدى : حسين على
245 10 - TITLE STATEMENT
Title علم البيئة المائية /
Statement of responsibility, etc. تأليف حسين على السعدى : نجم قمر الدهام : ليث عبد الجليل الحصان
260 ## - PUBLICATION, DISTRIBUTION, ETC.
Place of publication, distribution, etc. العراق :
Name of publisher, distributor, etc. جامعة البصرة :
Date of publication, distribution, etc. 1986
300 ## - PHYSICAL DESCRIPTION
Extent 538ص :
Other physical details ايض ؛
Dimensions 24سم
504 ## - BIBLIOGRAPHY, ETC. NOTE
Bibliography, etc. note يشتمل على ارجاعات ببليوجرافية وكشافات
650 #7 - SUBJECT ADDED ENTRY--TOPICAL TERM
Topical term or geographic name entry element بيئة المياه
Source of heading or term qrmak
700 1# - ADDED ENTRY--PERSONAL NAME
Personal name الحصان : ليث عبد الجليل
700 1# - ADDED ENTRY--PERSONAL NAME
Personal name الدهام : نجم قمر
902 ## - LOCAL DATA ELEMENT B, LDB (RLIN)
No. of Items 1
905 ## - LOCAL DATA ELEMENT E, LDE (RLIN)
Cataloger ابراهيم
Reviser مدخل
905 ## - LOCAL DATA ELEMENT E, LDE (RLIN)
Cataloger جيهان
Reviser مراجع
942 ## - ADDED ENTRY ELEMENTS (KOHA)
Source of classification or shelving scheme Dewey Decimal Classification
Koha item type Books
المقتنيات
Source of classification or shelving scheme Not for loan Home library Current library Date acquired Full call number Barcode Date last seen Copy number Koha item type
Dewey Decimal Classification   المكتبة المركزبة الجديدة - جامعة القاهرة قاعة المكتبات المهداة - الدور الرابع 11.02.2024 577.6 S125 K.B 01000103000660000 23.06.2024 C.1 Books
Cairo University Libraries Portal Implemented & Customized by: Eng. M. Mohamady Contacts: new-lib@cl.cu.edu.eg | cnul@cl.cu.edu.eg
CUCL logo CNUL logo
© All rights reserved — Cairo University Libraries
CUCL logo
Implemented & Customized by: Eng. M. Mohamady Contact: new-lib@cl.cu.edu.eg © All rights reserved — New Central Library
CNUL logo
Implemented & Customized by: Eng. M. Mohamady Contact: cnul@cl.cu.edu.eg © All rights reserved — Cairo National University Library